000 00617nam a2200205Ii 4500
001 2522
003 CO-ViMGA
008 241108s9999||||xx |||||||||||||| ||und||
040 _aCO-ViMGA
_bspa
_erda
_cCO-ViMGA
041 0 _aspa
082 0 4 _aFA 863.5 V17s
100 1 _aVargas Vila, José María
_93732
245 1 0 _aSalomé:
_bNovela - Poema
264 1 _aMadrid, España : Provenza, [Fecha de publicación no identificada]
300 _avolumen
336 _atext
_btxt
_2rdacontent
337 _aunmediated
_bn
_2rdamedia
338 _avolume
_bnc
_2rdacarrier
940 _aidficha_siabuc: 2468. -- ficha_no_siabuc:2522
999 _c47302
_d47302